DRI: dietary reference intakes: the essential guide to nutrient requirements (Record no. 31296)
[ view plain ]
| 000 -LEADER | |
|---|---|
| fixed length control field | 00862nam a2200205 a 4500 |
| 008 - FIXED-LENGTH DATA ELEMENTS--GENERAL INFORMATION | |
| fixed length control field | 121025s2006 ||||||||||||||||| || u |
| 020 ## - INTERNATIONAL STANDARD BOOK NUMBER | |
| International Standard Book Number | 0-309-10091-7 |
| 050 ## - LIBRARY OF CONGRESS CALL NUMBER | |
| Classification number | QP 141 Dri |
| 100 ## - MAIN ENTRY--PERSONAL NAME | |
| Personal name | Meyers, Linda D |
| 245 10 - TITLE STATEMENT | |
| Title | DRI: dietary reference intakes: the essential guide to nutrient requirements |
| Statement of responsibility, etc. | Edited by Jennifer J. Otten, Jennifer Pitzi Hellwig and Linda D. Meyers |
| 260 ## - PUBLICATION, DISTRIBUTION, ETC. | |
| Place of publication, distribution, etc. | Washington, D. C.: |
| Name of publisher, distributor, etc. | National Academies Press |
| Date of publication, distribution, etc. | 2006 |
| 300 ## - PHYSICAL DESCRIPTION | |
| Extent | xiii, 543p.: ill. |
| 650 ## - SUBJECT ADDED ENTRY--TOPICAL TERM | |
| Topical term or geographic name entry element | NUTRITION--REQUIREMENTS |
| 650 #0 - SUBJECT ADDED ENTRY--TOPICAL TERM | |
| Topical term or geographic name entry element | NUTRITION |
| 650 #0 - SUBJECT ADDED ENTRY--TOPICAL TERM | |
| Topical term or geographic name entry element | DIET THERAPY |
| 700 ## - ADDED ENTRY--PERSONAL NAME | |
| Personal name | Hellwig, Jennifer Pitzi |
| 700 ## - ADDED ENTRY--PERSONAL NAME | |
| Personal name | Otten, Jennifer J |
| 710 ## - ADDED ENTRY--CORPORATE NAME | |
| Corporate name or jurisdiction name as entry element | Institute of Medicine (U.S.) |
| 995 ## - | |
| -- | MEDICAL LIBRARY OPEN ACCESS |
| -- | 901813 |
| -- | CBU-SCHOOL OF MEDICINE LIBRARY (Ndola) |
| -- | OTL QP 141 Dri |
| -- | 1 |
| -- | AVAILABLE |
| -- | Oct 25, 2012 |
| -- | 901813 |
| -- | Medical Library Open Access Collection |
| 999 ## - | |
| -- | 31296 |
| -- | 31296 |
| Withdrawn status | Lost status | Source of classification or shelving scheme | Damaged status | Not for loan | Permanent Location | Current Location | Shelving location | Date acquired | Total Checkouts | Full call number | Barcode | Date last seen | Price effective from | Koha item type |
|---|---|---|---|---|---|---|---|---|---|---|---|---|---|---|
| CBU-SCHOOL OF MEDICINE LIBRARY, NDOLA. | CBU-SCHOOL OF MEDICINE LIBRARY, NDOLA. | 11/30/2022 | QP 141 Dri | 901813 | 11/30/2022 | 11/30/2022 | MONOGRAPH |